| 000 | 00515nam a2200181Ia 4500 | ||
|---|---|---|---|
| 999 |
_c11213 _d11213 |
||
| 003 | OSt | ||
| 005 | 20191213154322.0 | ||
| 008 | 190216s9999||||xx |||||||||||||| ||und|| | ||
| 020 | _a9788180522086 | ||
| 040 | _coclc | ||
| 082 |
_a338.5 _bKUM/M |
||
| 100 |
_aKumar, Brajesh _9485 |
||
| 245 | 0 |
_aModern Microeconomics / _cBrajesh Kumar |
|
| 260 |
_bAne Books India, _c2008. _aNew Delhi: |
||
| 300 | _a323p | ||
| 650 | _aModern Microeconomics | ||
| 942 |
_cBK _2ddc _h338.5 _iKUM/M _k338.5 _mKUM/M |
||